[Event "Titled Tue 20th May Early"]
[Site "chess.com INT"]
[Date "2025.05.20"]
[Round "7"]
[White "Hernandez Izquierdo, Jose A."]
[Black "Pham, Le Thao Nguyen"]
[Result "0-1"]
[WhiteTitle "IM"]
[BlackTitle "IM"]
[WhiteElo "2223"]
[BlackElo "2388"]
[WhiteFideId "3527263"]
[BlackFideId "12401226"]
[EventDate "2025.05.20"]

1. e4 c6 2. d4 d5 3. exd5 cxd5 4. Nf3 Nc6 5. c4 Nf6 6. Nc3 a6 7. Bg5 Be6 8. c5
g6 9. Bxf6 exf6 10. Be2 Bg7 11. O-O O-O 12. Qd2 g5 13. a3 g4 14. Ne1 f5 15. Nc2
Qf6 16. Rad1 f4 17. Rfe1 Rad8 18. Bf1 Bh6 19. f3 g3 20. h3 Bf5 21. Bd3 Nxd4 22.
Bxf5 Nxf5 23. Nxd5 Qxb2 24. Qd3 Ne3 25. Ncxe3 fxe3 26. Re2 Qe5 27. Qc4 Kh8 28.
Rd4 Rd7 29. f4 Bxf4 30. Rxf4 Rxd5 31. Rf1 f5 32. c6 bxc6 33. Qxc6 f4 34. Qh6 Qf6
35. Qxf6+ Rxf6 36. Rxe3 fxe3 37. Rxf6 Rd1+ 38. Rf1 e2 0-1

[Event "Titled Tue 20th May Early"]
[Site "chess.com INT"]
[Date "2025.05.20"]
[Round "7"]
[White "Sadey, Rinoa Mariel"]
[Black "Guliev, Gasan"]
[Result "0-1"]
[BlackTitle "CM"]
[WhiteElo "1760"]
[BlackElo "2123"]
[WhiteFideId "5255945"]
[BlackFideId "34165638"]
[EventDate "2025.05.20"]

1. d4 Nf6 2. c4 c5 3. d5 b5 4. cxb5 a6 5. Nc3 e6 6. Bg5 axb5 7. Nxb5 Qa5+ 8. Nc3
Nxd5 9. Bd2 Nxc3 10. Bxc3 Qb6 11. e4 Bb7 12. Bd3 c4 13. Bxc4 Bc5 14. Qe2 Nc6 15.
Nf3 Nd4 16. Nxd4 Bxd4 17. Bxd4 Qxd4 18. O-O Qxe4 19. Qxe4 Bxe4 20. Rfe1 Bc6 21.
Bd3 Ke7 22. Reb1 Rhb8 23. b4 Ra3 24. Be2 Bd5 25. Rb2 Rba8 26. Bf3 Rxa2 27. Rbxa2
Rxa2 28. Rxa2 Bxa2 29. Kf1 d5 30. Ke1 Bc4 31. Kd2 Kd6 32. Kc3 e5 33. Bd1 Bb5 34.
Bb3 d4+ 35. Kd2 f6 36. g3 e4 37. h4 g5 38. Bg8 h6 39. Bh7 Ke5 40. Bg8 f5 41. Bh7
f4 42. hxg5 hxg5 43. gxf4+ gxf4 44. Bg6 e3+ 45. fxe3 dxe3+ 46. Ke1 f3 0-1

[Event "Titled Tue 20th May Early"]
[Site "chess.com INT"]
[Date "2025.05.20"]
[Round "7"]
[White "Onyshchuk, Volodymyr"]
[Black "Henriquez Villagra, Cristobal"]
[Result "0-1"]
[WhiteTitle "GM"]
[BlackTitle "GM"]
[WhiteElo "2602"]
[BlackElo "2597"]
[WhiteFideId "14114038"]
[BlackFideId "3409350"]
[EventDate "2025.05.20"]

1. e4 c6 2. Nf3 d5 3. d3 g6 4. Be2 Bg7 5. e5 c5 6. c3 Nc6 7. d4 f6 8. exf6 Nxf6
9. dxc5 e5 10. O-O O-O 11. Nbd2 a5 12. a4 Qe7 13. Nb3 Be6 14. Bb5 Ne4 15. Be3
Rad8 16. Nfd2 Nf6 17. Bxc6 bxc6 18. Nxa5 Qc7 19. b4 d4 20. cxd4 exd4 21. Bg5 Ng4
22. g3 Rd5 23. Ne4 h6 24. Bd2 Rh5 25. f3 Nxh2 26. Rf2 Bd5 27. Rxh2 Bxe4 28. Bf4
Rxf4 29. gxf4 Qxf4 30. Rxh5 Qg3+ 31. Kf1 Bxf3 32. Qb3+ Kh7 33. Rh2 d3 34. Raa2
Qf4 35. Kg1 Bd4+ 36. Rhf2 Qg5+ 37. Kf1 Qc1+ 0-1

[Event "Titled Tue 20th May Early"]
[Site "chess.com INT"]
[Date "2025.05.20"]
[Round "7"]
[White "Cordeiro, Marco Aurelio Zaror"]
[Black "Yevchenko, Oleksandr"]
[Result "0-1"]
[BlackTitle "CM"]
[WhiteElo "2048"]
[BlackElo "2276"]
[WhiteFideId "2117991"]
[BlackFideId "14108267"]
[EventDate "2025.05.20"]

1. e4 c5 2. Nc3 d6 3. f4 Nc6 4. Nf3 g6 5. Bc4 Bg7 6. d3 e6 7. O-O Nge7 8. Qe1
Nd4 9. Nxd4 cxd4 10. Ne2 O-O 11. Bb3 d5 12. e5 Nf5 13. Qf2 Qb6 14. Bd2 Bd7 15.
a4 a5 16. Bc3 Rfc8 17. Nxd4 Nxd4 18. Bxd4 Qc6 19. c3 b5 20. axb5 Qxb5 21. Ba4
Qb7 22. Bxd7 Qxd7 23. Bc5 Qb5 24. d4 a4 25. Ra3 Ra6 26. Rfa1 Rca8 27. Qc2 Bf8
28. Bxf8 Kxf8 29. Kf2 Kg7 30. Ke3 h5 31. Qe2 Qc6 32. Qd3 Rb6 33. R1a2 Qb7 34.
Qc2 Rb3 35. g3 Qb5 36. Qe2 Qb7 37. h3 Qb6 38. g4 hxg4 39. hxg4 Rb5 40. c4 Rb3+
41. Kf2 dxc4 42. Qxc4 Rxb2+ 43. Rxb2 Qxb2+ 44. Kg3 Qxa3+ 0-1

[Event "Titled Tue 20th May Early"]
[Site "chess.com INT"]
[Date "2025.05.20"]
[Round "7"]
[White "Novikova, Anna"]
[Black "Ruiz Aguilar, Pablo Alexander"]
[Result "0-1"]
[WhiteTitle "WIM"]
[BlackTitle "FM"]
[WhiteElo "2179"]
[BlackElo "2141"]
[WhiteFideId "4146794"]
[BlackFideId "4401352"]
[EventDate "2025.05.20"]

1. d4 d5 2. c4 c6 3. Nc3 dxc4 4. e4 Nf6 5. Bxc4 e6 6. Bg5 Be7 7. Nf3 h6 8. Bh4
b5 9. Bd3 b4 10. Na4 O-O 11. Rc1 a5 12. Nc5 Nbd7 13. Nxd7 Bxd7 14. Ne5 g5 15.
Bg3 Qb6 16. Nxd7 Nxd7 17. Be2 Nf6 18. f3 Rfd8 19. Bf2 Rac8 20. O-O Qb7 21. Bc4
c5 22. Qe2 cxd4 23. Ba6 Qb6 24. Bxc8 d3 25. Bxb6 dxe2 26. Rfe1 Rd2 27. Ba6 Rxb2
28. Rxe2 Rxe2 29. Bxe2 a4 30. e5 Nd5 31. Bc4 Nxb6 32. Bb5 a3 33. Rc7 Nd5 34. Rd7
Bc5+ 35. Kf1 b3 36. axb3 a2 37. Rd8+ Kg7 38. Ra8 Nc3 39. Rxa2 Nxa2 40. Bc4 Nb4
41. Ke2 Bd4 0-1

[Event "Titled Tue 20th May Early"]
[Site "chess.com INT"]
[Date "2025.05.20"]
[Round "7"]
[White "Bortnyk, Olexandr"]
[Black "Kilic, Eray"]
[Result "1-0"]
[WhiteTitle "GM"]
[BlackTitle "IM"]
[WhiteElo "2601"]
[BlackElo "2469"]
[WhiteFideId "14120828"]
[BlackFideId "44517173"]
[EventDate "2025.05.20"]

1. d4 Nf6 2. Nc3 d5 3. Bf4 a6 4. e3 h6 5. a3 c5 6. dxc5 Nc6 7. b4 e5 8. Bg3 Bf5
9. Nf3 d4 10. exd4 exd4 11. Na4 Ne4 12. Bd3 Nxg3 13. hxg3 Qe7+ 14. Kf1 Be6 15.
Nb6 Rd8 16. Qe2 Qf6 17. Re1 Be7 18. Ne5 Nxe5 19. Qxe5 Qxe5 20. Rxe5 O-O 21. f4
Bf6 22. Re1 Bg4 23. Kf2 h5 24. Nc4 g6 25. Nd6 Rd7 26. Nc4 Rc7 27. Nb6 Rd8 28.
Nc4 Kg7 29. a4 Be6 30. a5 Bxc4 31. Bxc4 d3 32. cxd3 Bc3 33. Rb1 Re7 34. Rhc1
Bd4+ 35. Kf1 Re3 36. Re1 Rxg3 37. Re7 Rf8 38. Rbe1 h4 39. R1e4 h3 40. gxh3 Rg1+
41. Ke2 Bc3 42. Rxb7 Kh6 43. Bxf7 Rb1 44. c6 Rb2+ 45. Kf3 Bf6 46. Re6 1-0

[Event "Titled Tue 20th May Early"]
[Site "chess.com INT"]
[Date "2025.05.20"]
[Round "7"]
[White "Daspres, Loic"]
[Black "Herrera Ortiz, Miguel"]
[Result "0-1"]
[WhiteTitle "CM"]
[BlackTitle "IM"]
[WhiteElo "2207"]
[BlackElo "2174"]
[WhiteFideId "20612281"]
[BlackFideId "5100550"]
[EventDate "2025.05.20"]

1. e4 e6 2. d4 d5 3. Nd2 c5 4. exd5 exd5 5. Ngf3 Nf6 6. dxc5 Bxc5 7. Bb5+ Nc6 8.
Qe2+ Be6 9. Nb3 Bb6 10. Nbd4 Qd6 11. Nf5 Qf8 12. Bf4 Ne4 13. N3d4 Bxd4 14. Nxd4
Qc5 15. O-O-O O-O 16. Bxc6 bxc6 17. f3 Nf6 18. Nxe6 fxe6 19. Qxe6+ Rf7 20. Rhe1
Qb4 21. Bd6 Qb7 22. g4 h6 23. h4 Re8 24. Qf5 Qc8 25. Qd3 Nd7 26. g5 h5 27. Qg6
Rxe1 28. Rxe1 Nf8 29. Qxh5 Qf5 30. Bxf8 Rxf8 31. Re3 Qf4 32. Kd2 d4 33. Qg4
Qxe3+ 34. Kd1 Rxf3 35. Qc8+ Rf8 36. Qh3 Qxh3 0-1

[Event "Titled Tue 20th May Early"]
[Site "chess.com INT"]
[Date "2025.05.20"]
[Round "7"]
[White "Shukhman, Anna"]
[Black "Matinian, Nikita"]
[Result "0-1"]
[WhiteTitle "WGM"]
[BlackTitle "GM"]
[WhiteElo "2413"]
[BlackElo "2420"]
[WhiteFideId "54180058"]
[BlackFideId "24129100"]
[EventDate "2025.05.20"]

1. e4 e5 2. Nf3 Nc6 3. d4 exd4 4. Nxd4 Bc5 5. Nb3 Bb6 6. Nc3 Nge7 7. Qe2 O-O 8.
Be3 a5 9. a4 Bxe3 10. Qxe3 f5 11. O-O-O d6 12. Bc4+ Kh8 13. f4 fxe4 14. Nxe4 Nf5
15. Qc3 Nb4 16. Kb1 c6 17. g4 d5 18. gxf5 Bxf5 19. Nbc5 Qe7 20. Qe5 Qxe5 21.
fxe5 b6 22. Bd3 Nxd3 23. cxd3 dxe4 24. Nxe4 Bxe4 25. dxe4 Rae8 26. Rd6 Rxe5 27.
Rxc6 Rxe4 28. Rxb6 Rxa4 29. Rd1 Rh4 30. Rd2 h6 31. Rb5 a4 32. Rb7 Rf5 33. Rg2
Rg5 34. Re2 Kh7 35. Ka2 Kg6 36. Ree7 Kh7 37. Re2 Rgg4 38. Ka3 Rh3+ 39. Ka2 h5
40. Rf2 Kh6 41. Ra7 g6 42. Re2 Kg5 43. Ra5+ Kh4 44. Rf2 g5 45. Re2 Rf3 46. Re8
Rf2 47. h3 Kxh3 48. Rh8 h4 0-1

[Event "Titled Tue 20th May Early"]
[Site "chess.com INT"]
[Date "2025.05.20"]
[Round "7"]
[White "Matyakubov, Miraziz"]
[Black "Liu, Casper"]
[Result "1-0"]
[WhiteTitle "CM"]
[BlackTitle "FM"]
[WhiteElo "2272"]
[BlackElo "2325"]
[WhiteFideId "14215772"]
[BlackFideId "1454153"]
[EventDate "2025.05.20"]

1. d4 d5 2. c4 dxc4 3. Nf3 Nf6 4. e3 Bg4 5. Bxc4 e6 6. O-O a6 7. h3 Bh5 8. Be2
c5 9. Nc3 Nc6 10. a3 cxd4 11. Nxd4 Bxe2 12. Ncxe2 Nxd4 13. Nxd4 Bc5 14. Nf3 Qxd1
15. Rxd1 Ke7 16. b4 Bb6 17. Bb2 Rhd8 18. Nd4 Ne4 19. Rac1 f6 20. Kf1 Nd6 21. a4
Rac8 22. Ke2 Ba7 23. h4 Nc4 24. Bc3 Nb6 25. a5 Nd5 26. Bb2 Bb8 27. b5 Bd6 28.
bxa6 bxa6 29. Nc6+ Kf7 30. Nxd8+ Rxd8 31. Rc6 Rb8 32. Bxf6 Kxf6 33. Rxd5 exd5
34. Rxd6+ Ke5 35. Rxa6 Rb2+ 36. Kf3 g6 37. Ra7 h5 38. a6 Ra2 39. Ra8 Kf6 40. a7
Kg7 41. Kg3 Ra4 42. f3 Ra2 43. Kf4 Ra5 44. Ke5 Kh7 45. Kd4 Kg7 46. e4 dxe4 47.
fxe4 Ra4+ 48. Ke5 Ra5+ 49. Kf4 Ra4 50. Kf3 Ra3+ 51. Ke2 Ra2+ 52. Kd3 Ra3+ 53.
Kc4 Ra4+ 54. Kb5 Rxe4 55. Rb8 Re5+ 56. Kb4 Re4+ 57. Kb3 Re3+ 58. Ka2 Re2+ 59.
Rb2 Re8 60. Rb8 Re2+ 61. Kb1 Re1+ 62. Kc2 Re2+ 63. Kd3 Ra2 64. a8=Q Rxa8 65.
Rxa8 Kf6 66. Ra5 1-0

[Event "Titled Tue 20th May Early"]
[Site "chess.com INT"]
[Date "2025.05.20"]
[Round "7"]
[White "Jiganchine, Roman"]
[Black "Sava, Robert-Gabriel"]
[Result "1-0"]
[WhiteTitle "CM"]
[BlackTitle "CM"]
[WhiteElo "2205"]
[BlackElo "2155"]
[WhiteFideId "2603667"]
[BlackFideId "1265725"]
[EventDate "2025.05.20"]

1. Nf3 e6 2. c4 f5 3. Nc3 Nf6 4. d3 Bb4 5. e4 fxe4 6. dxe4 Nxe4 7. Qc2 Bxc3+ 8.
bxc3 Nf6 9. Bg5 O-O 10. Bd3 h6 11. Bh4 Nc6 12. O-O e5 13. Rfe1 d6 14. h3 Qe8 15.
Bg6 Qd8 16. Rad1 Be6 17. c5 Bf7 18. Bh7+ Kh8 19. Bf5 Qe7 20. c4 dxc5 21. Rd7
Qxd7 22. Bxd7 Nxd7 23. Qf5 Be8 24. Qg4 a5 25. Qg3 Bf7 26. Qg4 Be8 27. Qg3 Bh5
28. Rb1 Bxf3 29. gxf3 Nb6 30. Rb5 Nd4 31. Kf1 Nxf3 32. Be7 Nd2+ 33. Ke2 Ne4 34.
Qg6 Rxf2+ 35. Ke3 Rf4 36. Rxb6 cxb6 37. Qxb6 Re8 38. Bxc5 Nxc5 39. Qxc5 Rff8 40.
Qb5 e4 41. Qxb7 Rf3+ 42. Ke2 Rd3 43. Qf7 Rdd8 44. c5 e3 45. c6 Rd2+ 46. Ke1 Rf8
47. Qxf8+ Kh7 48. Qf5+ Kg8 49. Qe6+ Kh8 50. Qxe3 Rc2 51. Qe8+ Kh7 1-0

[Event "Titled Tue 20th May Early"]
[Site "chess.com INT"]
[Date "2025.05.20"]
[Round "7"]
[White "Haug, Havard"]
[Black "Jaiveer, Mahendru"]
[Result "1-0"]
[WhiteTitle "FM"]
[BlackTitle "FM"]
[WhiteElo "2354"]
[BlackElo "2230"]
[WhiteFideId "1547887"]
[BlackFideId "25611151"]
[EventDate "2025.05.20"]

1. e4 e6 2. d4 d5 3. exd5 exd5 4. Nf3 Nf6 5. Bd3 Bd6 6. Qe2+ Qe7 7. Qxe7+ Bxe7
8. Bf4 c6 9. O-O O-O 10. Re1 Re8 11. Nbd2 Nbd7 12. Re2 Bf8 13. Rae1 Rxe2 14.
Rxe2 b5 15. Ne5 Bb7 16. Nxd7 Nxd7 17. Nf3 b4 18. Bf5 Nb6 19. b3 c5 20. dxc5 Bxc5
21. Bd3 a5 22. h4 h6 23. Be3 Bxe3 24. Rxe3 Kf8 25. Nd4 a4 26. Nf5 axb3 27. axb3
Nd7 28. Bb5 Nf6 29. Nd6 Ba6 30. Ba4 Rd8 31. Nf5 Rc8 32. Nd4 Ne4 33. f3 Nc5 34.
Bc6 g6 35. Re5 Kg7 36. Rxd5 Ne6 37. Nxe6+ fxe6 38. Rd6 Kf7 39. Be4 Bb5 40. Rb6
Rc5 41. Kf2 Kf6 42. g4 Kf7 43. Ke3 Ke7 44. Kd4 1-0

[Event "Titled Tue 20th May Early"]
[Site "chess.com INT"]
[Date "2025.05.20"]
[Round "7"]
[White "Priasmoro, Novendra"]
[Black "Aravindh, Chithambaram VR."]
[Result "0-1"]
[WhiteTitle "GM"]
[BlackTitle "GM"]
[WhiteElo "2437"]
[BlackElo "2749"]
[WhiteFideId "7105029"]
[BlackFideId "5072786"]
[EventDate "2025.05.20"]

1. d4 Nf6 2. Nf3 g6 3. g3 Bg7 4. Bg2 O-O 5. O-O b6 6. c4 Bb7 7. d5 Na6 8. Nc3
Nc5 9. Qc2 a5 10. e4 d6 11. e5 Nfd7 12. e6 fxe6 13. Ng5 e5 14. Nce4 h6 15. Ne6
Nxe6 16. dxe6 Nc5 17. Nxc5 Bxg2 18. Kxg2 bxc5 19. Qxg6 Rf6 20. Qg4 Qc8 21. f4
Qxe6 22. f5 Qf7 23. Qe4 Rf8 24. g4 e6 25. Bd2 exf5 26. Rxf5 Rxf5 27. gxf5 Qxf5
28. Qxf5 Rxf5 29. Rf1 Rxf1 30. Kxf1 a4 31. Ke2 Kf7 32. Kf3 h5 33. Ba5 c6 34. b3
axb3 35. axb3 Ke6 36. Bb6 Bh6 37. Ke4 Bd2 38. Kd3 Bb4 39. Bc7 d5 40. Ke3 Kf5 41.
Kf3 e4+ 42. Ke2 d4 43. Bg3 d3+ 44. Ke3 Bc3 45. Bd6 Bd4+ 46. Kd2 Kg4 47. b4 cxb4
48. Bxb4 Kf3 49. Bd6 Be3+ 50. Kd1 Bh6 51. Bc5 e3 52. Bb4 e2+ 53. Ke1 d2+ 54.
Bxd2 Bxd2+ 55. Kxd2 Kf2 0-1

[Event "Titled Tue 20th May Early"]
[Site "chess.com INT"]
[Date "2025.05.20"]
[Round "7"]
[White "Kao, Jamison Edrich"]
[Black "Teh, Wee Zhun"]
[Result "0-1"]
[WhiteTitle "CM"]
[BlackTitle "CM"]
[WhiteElo "2018"]
[BlackElo "2010"]
[WhiteFideId "6007937"]
[BlackFideId "5707277"]
[EventDate "2025.05.20"]

1. e4 d5 2. exd5 Qxd5 3. Nc3 Qd6 4. d4 Nf6 5. Nf3 c6 6. g3 Bf5 7. Bf4 Qd8 8. Bg2
e6 9. O-O Be7 10. Re1 O-O 11. Nh4 Bg4 12. Qd3 Nd5 13. Nxd5 cxd5 14. Nf3 Nc6 15.
c3 Bf5 16. Qe2 Rc8 17. Ne5 Nxe5 18. Bxe5 Bd6 19. a4 Bxe5 20. dxe5 Rc4 21. a5 a6
22. Red1 Rc5 23. b4 Rxc3 24. b5 Qc8 25. bxa6 bxa6 26. Bf1 Rc4 27. Qb2 Rc5 28.
Qb6 Rc6 29. Qd4 Qc7 30. Rd2 Rb8 31. h4 h6 32. Bd3 Bxd3 33. Rxd3 Rc4 34. Qe3 Re4
35. Qd2 Qxe5 36. Rc1 Rb2 37. Qd1 Ree2 38. Rf3 Qe4 39. Rc8+ Kh7 40. Re3 Rxe3 41.
fxe3 Qg2# 0-1

[Event "Titled Tue 20th May Early"]
[Site "chess.com INT"]
[Date "2025.05.20"]
[Round "7"]
[White "Lloret Ramis, Juan Jose"]
[Black "Yin, Evan"]
[Result "0-1"]
[WhiteTitle "FM"]
[WhiteElo "2019"]
[BlackElo "2119"]
[WhiteFideId "2204053"]
[BlackFideId "30953111"]
[EventDate "2025.05.20"]

1. d4 Nf6 2. Bg5 g6 3. Bxf6 exf6 4. e3 Bg7 5. g3 O-O 6. Bg2 f5 7. c4 c5 8. Ne2
d6 9. Nbc3 Nc6 10. O-O Re8 11. dxc5 dxc5 12. Qb3 Na5 13. Qb5 Be6 14. Rfd1 Qc7
15. Nd5 Bxd5 16. Rxd5 a6 17. Qxc5 Nc6 18. Rad1 Rad8 19. Rxd8 Rxd8 20. Rxd8+ Qxd8
21. Bxc6 bxc6 22. Kg2 Qd2 23. Nd4 Qxb2 24. Nxc6 h5 25. a4 Bf6 26. a5 h4 27. gxh4
Qc2 28. Qd5 Bxh4 29. Qf3 Qxc4 30. Ne5 Qb5 31. Qa8+ Kg7 32. Nf3 Bf6 33. h4 Qxa5
34. h5 g5 35. h6+ Kxh6 36. Qc8 Kg6 37. Qg8+ Bg7 38. Nxg5 Qd5+ 39. Nf3 a5 40. Kg3
a4 41. Qc8 Be5+ 42. Kg2 a3 43. Qc1 a2 0-1

[Event "Titled Tue 20th May Early"]
[Site "chess.com INT"]
[Date "2025.05.20"]
[Round "7"]
[White "Rustemov, Alexander"]
[Black "Piorun, Kacper"]
[Result "1-0"]
[WhiteTitle "GM"]
[BlackTitle "GM"]
[WhiteElo "2525"]
[BlackElo "2577"]
[WhiteFideId "4119002"]
[BlackFideId "1130420"]
[EventDate "2025.05.20"]

1. d4 d5 2. c4 e6 3. Nc3 h6 4. Nf3 Nf6 5. Bf4 Bb4 6. e3 c5 7. dxc5 Nbd7 8. Be2
Nxc5 9. O-O O-O 10. Rc1 b6 11. Nb5 Na6 12. a3 Be7 13. b4 Bb7 14. Qb3 g5 15. Be5
Nd7 16. Bb2 Nc7 17. Nxc7 Qxc7 18. cxd5 Qd6 19. dxe6 Bd5 20. exf7+ Rxf7 21. Qd3
Bf6 22. Bxf6 Nxf6 23. Qg6+ Rg7 24. Qxh6 g4 25. Nh4 Be4 26. Rfd1 Qe5 27. Qf4 Qxf4
28. exf4 Re7 29. f3 Bd5 30. Kf2 Rae8 31. Rd2 gxf3 32. Bxf3 Bxf3 33. Kxf3 Re3+
34. Kf2 Ng4+ 35. Kf1 Nxh2+ 36. Kg1 Ng4 37. Nf3 Rxa3 38. Rd7 Rb3 39. Rxa7 Rxb4
40. g3 Rb3 41. Kg2 Re2+ 42. Kh3 Nf2+ 43. Kh4 Re8 44. Ng5 Rb2 45. Rcc7 1-0

[Event "Titled Tue 20th May Early"]
[Site "chess.com INT"]
[Date "2025.05.20"]
[Round "7"]
[White "Vakhidov, Jakhongir"]
[Black "Kshatriya, Nitin Vekhande"]
[Result "1-0"]
[WhiteTitle "GM"]
[BlackTitle "FM"]
[WhiteElo "2546"]
[BlackElo "2255"]
[WhiteFideId "14201801"]
[BlackFideId "45075530"]
[EventDate "2025.05.20"]

1. c4 Nf6 2. Nc3 d5 3. cxd5 Nxd5 4. g3 e6 5. Bg2 Be7 6. Nf3 O-O 7. O-O c5 8. d4
Nxc3 9. bxc3 Nc6 10. e4 b6 11. d5 exd5 12. exd5 Na5 13. Ne5 Bf6 14. Re1 Re8 15.
Bf4 Ba6 16. h4 Bxe5 17. Rxe5 Rxe5 18. Bxe5 Nc4 19. Bf4 Qd7 20. d6 Re8 21. Qd5 h6
22. Qc6 Bb5 23. Qd5 Na5 24. Rd1 Bc6 25. Qd3 Bxg2 26. Kxg2 Re6 27. Qf3 Nc4 28.
Qd5 Na5 29. Rd3 Nc6 30. Kh2 Rf6 31. Qxc6 Qxc6 32. d7 c4 33. d8=Q+ Kh7 34. Rd6
Qf3 35. Be3 Rf5 36. Rd2 Re5 37. a4 f5 38. Qc7 Re4 39. Rd7 Rg4 40. Bd4 f4 41.
Rxg7+ 1-0

[Event "Titled Tue 20th May Early"]
[Site "chess.com INT"]
[Date "2025.05.20"]
[Round "7"]
[White "Yang, Kaiqi"]
[Black "Murawski, Jan"]
[Result "1-0"]
[WhiteTitle "GM"]
[BlackTitle "CM"]
[WhiteElo "2481"]
[BlackElo "2191"]
[WhiteFideId "8604398"]
[BlackFideId "21009287"]
[EventDate "2025.05.20"]

1. d4 Nf6 2. c4 a6 3. Bg5 Ne4 4. Bf4 d6 5. Nd2 Nxd2 6. Qxd2 Nd7 7. Nf3 g6 8. h4
h5 9. e3 Bg7 10. Be2 O-O 11. Rd1 Nf6 12. Ng5 Qe8 13. d5 e5 14. dxe6 Bxe6 15. O-O
Qe7 16. b3 Nh7 17. Bf3 Rab8 18. Nxe6 fxe6 19. Qc2 Qf7 20. Be4 Bf6 21. Bh6 Bg7
22. Bxg6 Bxh6 23. Bxf7+ Rxf7 24. Qg6+ Bg7 25. Qxe6 Nf6 26. c5 Re8 27. Qc4 d5 28.
Rxd5 Nxd5 29. Qxd5 c6 30. Qxh5 Re5 31. Qg4 Rxc5 32. Rd1 Rcf5 33. f3 Re5 34. e4
Ree7 35. h5 Kh7 36. Qg6+ Kg8 37. h6 Rf8 38. hxg7 Rxg7 39. Qe6+ Kh8 40. Kf2 Rh7
41. Qe5+ Kg8 42. Rd6 Rg7 43. Qe6+ Rgf7 44. Ke3 Kh8 45. Rd1 Rh7 46. Qe5+ Kg8 47.
Rd6 Rg7 48. Rh6 Rxg2 49. Qe6+ 1-0

[Event "Titled Tue 20th May Early"]
[Site "chess.com INT"]
[Date "2025.05.20"]
[Round "7"]
[White "Moiseenko, Alexander"]
[Black "Dragnev, Valentin"]
[Result "1-0"]
[WhiteTitle "GM"]
[BlackTitle "GM"]
[WhiteElo "2568"]
[BlackElo "2540"]
[WhiteFideId "14102560"]
[BlackFideId "1634852"]
[EventDate "2025.05.20"]

1. d4 d5 2. c4 e6 3. Nc3 c5 4. e3 Nf6 5. Nf3 Nc6 6. cxd5 exd5 7. Bb5 cxd4 8.
exd4 Bd6 9. O-O O-O 10. Bg5 h6 11. Bh4 Bg4 12. Bxc6 bxc6 13. h3 Bxf3 14. Qxf3 g5
15. Bg3 Bxg3 16. fxg3 Kg7 17. Rae1 Rb8 18. b3 Qd6 19. Re5 Rbe8 20. Rf5 Re6 21.
Kh2 Qe7 22. g4 Re3 23. Qf2 Nxg4+ 24. hxg4 Rxc3 25. Re5 Qd6 26. Qd2 f6 27. Qxc3
fxe5 28. dxe5 Qe6 29. Re1 Qxg4 30. e6+ d4 31. Qb4 Qh4+ 32. Kg1 Qf2+ 33. Kh1 Qh4+
34. Kg1 Qf2+ 35. Kh1 c5 36. Qb7+ Kg6 37. Qe4+ Kh5 38. e7 Re8 39. Qe6 Qf4 40. Re4
Qf1+ 41. Kh2 d3 42. g4+ Kh4 43. Qxh6# 1-0

[Event "Titled Tue 20th May Early"]
[Site "chess.com INT"]
[Date "2025.05.20"]
[Round "7"]
[White "Chiang, Jacob"]
[Black "Bukreev, Stanislav"]
[Result "0-1"]
[BlackTitle "FM"]
[WhiteElo "2006"]
[BlackElo "2328"]
[WhiteFideId "30962331"]
[BlackFideId "34252347"]
[EventDate "2025.05.20"]

1. c4 e6 2. Nc3 d5 3. d4 Nf6 4. Nf3 c5 5. cxd5 Nxd5 6. e4 Nxc3 7. bxc3 cxd4 8.
cxd4 Bb4+ 9. Bd2 Bxd2+ 10. Qxd2 O-O 11. Be2 b6 12. Qe3 Bb7 13. O-O Nc6 14. Rfc1
Ne7 15. a4 h6 16. Ne5 Qd6 17. a5 Rac8 18. a6 Ba8 19. f3 Rfd8 20. Rxc8 Rxc8 21.
Ra2 Qb4 22. Kf2 f6 23. Nd3 Qc3 24. Nf4 Kf7 25. Ra3 Qxe3+ 26. Kxe3 g5 27. Nd3 Rc7
28. Kd2 Ke8 29. Rc3 Kd8 30. Nb4 Bc6 31. Bc4 Bd7 32. Bb3 Rxc3 33. Kxc3 Kc7 34. g3
Nc6 35. Nxc6 Kxc6 36. d5+ exd5 37. Bxd5+ Kc5 38. f4 b5 39. Bb3 b4+ 40. Kd3 gxf4
41. gxf4 Bb5+ 42. Ke3 Bxa6 43. e5 fxe5 44. fxe5 Bb5 45. Ke4 a5 46. Kf5 a4 47.
Bf7 b3 48. Kf6 Kb4 49. e6 a3 50. Kg7 a2 51. Kxh6 a1=Q 52. Kg5 Qe5+ 53. Kg6 Bc4
54. h4 Bxe6 55. Bxe6 Qxe6+ 56. Kg7 b2 57. h5 b1=Q 58. Kf8 Qh7 59. h6 Qef7# 0-1

[Event "Titled Tue 20th May Early"]
[Site "chess.com INT"]
[Date "2025.05.20"]
[Round "7"]
[White "Momunaliev, Ruslan"]
[Black "Omariev, Maksim"]
[Result "0-1"]
[WhiteTitle "CM"]
[BlackTitle "FM"]
[WhiteElo "2213"]
[BlackElo "2304"]
[WhiteFideId "13812211"]
[BlackFideId "4193423"]
[EventDate "2025.05.20"]

1. e4 c5 2. Nf3 d6 3. Bb5+ Nd7 4. a4 a6 5. Be2 e5 6. Nc3 b6 7. Bc4 Bb7 8. d3
Ngf6 9. Ng5 d5 10. exd5 Bd6 11. Nge4 Qe7 12. O-O h6 13. Qf3 O-O 14. Re1 Rad8 15.
Ng3 Rfe8 16. Nf5 Qf8 17. Ne4 Bb8 18. Qg3 Kh7 19. Qh4 Nxd5 20. Bxh6 gxh6 21. Ng5+
Kg6 22. Ng3 N7f6 23. N5e4 Nxe4 24. Qh5+ Kh7 25. Qf5+ Kg8 26. Rxe4 Nf4 27. Rxf4
exf4 28. Nh5 Be5 29. Re1 Bg7 30. Rf1 Qe7 31. Qg4 Qg5 32. Qh3 f3 33. g3 Qg6 34.
Nf4 Qg5 35. Nh5 Re2 36. Nf4 Rde8 37. Nxe2 fxe2 38. Re1 Qg6 39. f4 Qc6 40. Qg2
Qxg2# 0-1

[Event "Titled Tue 20th May Early"]
[Site "chess.com INT"]
[Date "2025.05.20"]
[Round "7"]
[White "Mikhalsky, Vladimir"]
[Black "Aranda, Juan Manuel"]
[Result "1-0"]
[BlackTitle "CM"]
[WhiteElo "2219"]
[BlackElo "2134"]
[WhiteFideId "14144352"]
[BlackFideId "160458"]
[EventDate "2025.05.20"]

1. d4 d6 2. e4 g6 3. Nc3 Bg7 4. h4 h5 5. Be2 Nd7 6. Nf3 c5 7. d5 a6 8. a4 Qa5 9.
Ng5 Ngf6 10. f4 b5 11. Bd2 b4 12. Nb1 Nf8 13. e5 dxe5 14. fxe5 Nxd5 15. Bc4 Bb7
16. Qf3 O-O-O 17. Nxf7 Ne6 18. Qh3 Qb6 19. Ng5 Kd7 20. a5 Qc6 21. Nf7 Rdf8 22.
Nxh8 Bxh8 23. Rf1 Rxf1+ 24. Kxf1 Bxe5 25. Bb3 c4 26. Ba4 Bxb2 27. Bxc6+ Bxc6 28.
Ra2 Bd4 29. c3 b3 30. Rb2 Be5 31. Bc1 Kd6 32. Re2 Nc5 33. Rxe5 Kxe5 34. Qg3+ Kf6
35. Qg5+ Kf7 36. Qe5 Ne6 37. Qg3 Nc5 38. Nd2 Nd3 39. Nxc4 Nxc3 40. Qxd3 Bb5 41.
Qxc3 1-0